000 01063nam a2200337 a 4500
001 vtls000843046
003 NLI
005 20210627063103.0
008 110428s2004 sz | a000 0 eng
020 _aNot assigned
039 9 _y201104281956
_zVLOAD
040 _aNLI
_cNLMARC21
041 0 _aeng
044 _asz
082 0 _a303.484
_21
100 1 _aWebster
_bNeil
_9817952
245 1 _aUnderstanding the evolving diversities and originalities in rural social movemnts in the age of globalization
_cNeil Webster.
260 _aGeneva
_bUNRISD
_c2004.
300 _avi,39p.
_c30cm.--(UNRISD. Civil Society and Social Movement Programme paper; no. 7)
440 0 _aUNRISD. Civil Society and Social Movement Programme paper
_vno.7
_9702306
504 _aBibliography: p. 35--39.
650 0 _aSocial movements
887 _adulalb dcb
901 _a32760
_bdt.24-11-04
902 _aU.N. 303.484
_bUn 3c
_c(Paper no. 7)
903 _a08-06-05
904 _adulalb
905 _adcb
999 _aVIRTUA40
_c688917
_d688917
942 _2ddc
_cBKS